Score 0/30 Timer 05:00
24 Plays Today
% Correct
Dark
98.1%
Deep
96%
Dusk
95.6%
Dry
95.2%
Distant
91.3%
Digital
89.5%
Defy
87.9%
Deceit
87.5%
Dawdle
85.6%
Despair
84.9%
Diverse
82.5%
Dinky
81.6%
Drowsy
80.3%
Delectable
74.3%
Dismal
73.5%
% Correct
Disdain
72.8%
Delirium
71%
Despotic
67.8%
Dissonant
64.1%
Discern
58%
Diminuendo
57.9%
Droll
56.7%
Dextrous
55.2%
Dubitable
51.9%
Dulcet
51.2%
Duncical
44.2%
Divest
43.8%
Dyspneal
39.5%
Dysphemistic
37.9%
Diaphanous
34.7%
Remove Ads.
Support Sporcle.
Get the best of Sporcle when you Go Orange. This ad-free experience offers more features, more stats, and more fun while also helping to support Sporcle. Thank you for becoming a member.

You're not logged in!

Compare scores with friends on all Sporcle quizzes.
OR
Log In

Show Comments

Extras

Top Quizzes Today


Score Distribution

Your Account Isn't Verified!

In order to create a playlist on Sporcle, you need to verify the email address you used during registration. Go to your Sporcle Settings to finish the process.

Report this User

Report this user for behavior that violates our Community Guidelines.

Details: